00326pab a2200133 454500008004000000100001700040245004000057260000900097300001200106362001100118650001800129650002500147773002000172180718b1997 xxu||||| |||| 00| 0 eng d aHarish Kumar aGlobalisation of business education c1997 ap.10-11 a11 Aug aGlobalization aManagement education aUniversity News